000 00325nam a2200121Ia 4500
008 240731s9999 xx 000 0 und d
022 _a2161-9468
245 0 _aJournal of African Diaspora Archaeology and Heritage
260 _bRoutledge
856 _uhttps://www.tandfonline.com/loi/yjaf20
942 _2ddc
942 _cTFEJ
999 _c77413
_d77413
945 _a1
_bMadushi Gamage
_c1
_dMadushi Gamage